UBT Library

A guide To The Project Management Body Of Knowledge Pmbok Guide (Record no. 47440)

000 -LEADER
fixed length control field 00346nam a22001337a 4500
008 - FIXED-LENGTH DATA ELEMENTS--GENERAL INFORMATION
fixed length control field 180903b xxu||||| |||| 00| 0 eng d
020 ## - INTERNATIONAL STANDARD BOOK NUMBER
International Standard Book Number 9781933890517
041 ## - LANGUAGE CODE
Language code of text/sound track or separate title eng
080 ## - UNIVERSAL DECIMAL CLASSIFICATION NUMBER
Edition identifier ED
Universal Decimal Classification number 338
100 ## - Rafti
Rafti 54
101 ## - Shkurtesa
Shkurtesa MAN
245 ## - TITLE STATEMENT
Title A guide To The Project Management Body Of Knowledge Pmbok Guide
Statement of responsibility, etc James M
942 ## - ADDED ENTRY ELEMENTS (KOHA)
Source of classification or shelving scheme
Item type Books
Holdings
Withdrawn status Lost status Source of classification or shelving scheme Damaged status Not for loan Collection code Permanent location Current location Shelving location Date acquired Total Checkouts Full call number Barcode Date last seen Price effective from Koha item type
          Koleksioni i përgjithshem UBT - Lipjan UBT - Lipjan Koleksioni i përgjithshem 09/03/2018   338 JAM 002-3011843 09/03/2018 09/03/2018 Books
          Koleksioni i përgjithshem UBT - Lipjan UBT - Lipjan   10/13/2022   330 JAM 002-800028700260108 10/13/2022 10/13/2022 Books
UBT Library © 2015-2024. All rights reserved University Education for Business and Technology